| 000 | 01594cam a22001934a 4500 | ||
|---|---|---|---|
| 005 | 20250605164236.0 | ||
| 008 | 250528s ||||||||||||||||||||||||d | ||
| 035 | _a21154 | ||
| 020 | _a9789603517016 | ||
| 040 |
_aGR-AtMCL _bgre _dGR-AtMCL _eAACR2 |
||
| 245 | 1 | _aΟλοκληρωμένη Στρατηγική Επικοινωνία / Ένα Πρακτικό Εργαλείο για Ολιστική Αντιμετώπιση της Επιχειρησιακής Επικοινωνίας | |
| 260 |
_bΣταμούλης Α, _c2007 |
||
| 300 | _a336 | ||
| 520 | _aΣτο παρόν βιβλίο περιγράφονται με σαφήνεια οι λειτουργίες, η αλληλεπιδραση και η στρατηγική θεώρηση των επί μέρους στοιχείων της οδηγώντας με ακρίβεια στο σχεδιασμό ολοκληρωμένης επικοινωνιακής στρατηγικής. Εισαγωγή, Το Σύστημα της Ολοκληρωμένης Επικοινωνίας, Η Προσωπική Επικοινωνία (Personal Communication), Κοινωνική Επικοινωνία, Εσωτερική - Ενδοεπιχειρησιακή Επικοινωνία (Internal Business Communication), Η Εμπορική Επικονωνία (Marketing Communication), Εταιρική Επικοινωνία (Corporate Communication), Η Στρατηγική Επικοινωνία, Βιβλιογραφία. | ||
| 700 | 1 |
_aΣταμάτης Γιώργος _94318 |
|
| 942 | _cBK | ||
| 999 |
_c6222 _d6222 |
||